000 00432nam a2200157Ia 4500
008 230711s9999||||xx |||||||||||||| ||und||
041 _aENG
082 _a693
_bBU-I
100 _aBureau of Indian Standard
245 0 _aSI : 7198 1974
_bCode of practice for damp proofing using Bituman mastic
250 _a1st
260 _c1974
_aNew Delhi
_bBureau of Indian Standard
300 _a9
650 _aCivil Engineering
942 _cBK
999 _c7992
_d7992